00179nam a2200073 4500100001700000245005500017260002600072300000700098 aAmila Perera aInsitu Modifications of Metal Organic Frame Works aColombobICHEMCc2016 a26